American stables, an architectural tour /

Bibliographic Details
Main Author: Sadler, Julius Trousdale
Other Authors: Sadler, Jacquelin D. J.
Format: Book
Language:English
Published: Boston : New York Graphic Society, [1981]
Edition:1st ed.
Subjects:

MARC

Tag First Indicator Second Indicator Subfields
LEADER 00000cam a22000008a 4500
001 in00000084860
005 20151008054410.0
008 810421s1981 mauaf 00110 eng
010 |a  81003985  
020 |a 0821211056 :  |c $29.95 
035 |a (OCoLC)07462454 
035 |9 AAJ0542AM 
039 0 |a 2  |b 3  |c 3  |d 3  |e 3 
040 |a DLC  |c DLC  |d TXA  |d UtOrBLW 
043 |a n-us--- 
049 |a TXAM  |c [1672287] 
050 0 0 |a NA8340  |b .S22 
082 0 |a 728/.9  |2 19 
100 1 |a Sadler, Julius Trousdale. 
245 1 0 |a American stables, an architectural tour /  |c Julius Trousdale Sadler, Jr., Jacquelin D.J. Sadler ; foreword by Alexander Mackay-Smith. 
250 |a 1st ed. 
263 |a 8107 
264 1 |a Boston :  |b New York Graphic Society,  |c [1981] 
264 4 |c ©1981 
300 |a viii, 219 pages, 28 unnumbered pages of plates :  |b illustrations (some color) ;  |c 29 cm. 
336 |a text  |b txt  |2 rdacontent 
337 |a unmediated  |b n  |2 rdamedia 
338 |a volume  |b nc  |2 rdacarrier 
500 |a Includes index. 
650 0 |a Stables  |z United States. 
700 1 |a Sadler, Jacquelin D. J. 
999 |a MARS 
999 f f |s 3d0b514f-ba65-3cd8-8eec-54e7988df16f  |i 247387da-d49f-3f71-8ec3-5a7c600c15a3  |t 0 
952 f f |p normal  |a Texas A&M University  |b College Station  |c Sterling C. Evans Library  |d Evans: Library Stacks  |t 0  |e NA8340 .S22  |h Library of Congress classification  |i unmediated -- volume  |m A14806168803 
998 f f |a NA8340 .S22  |t 0  |l Evans: Library Stacks